000
00355nam a2200133Ia 4500
008
230411s9999 xx 000 0 und d
041
_a
eng
082
_a
P/610.7362/HOC/B05888
100
_a
Hockenberry M
245
_a
Wongs Nursing Care of Infants and Children
260
_b
Elsevier
_a
Philadelphia
_c
2006
300
_a
1990p
999
_c
156354
_d
156354